[Event "SR 5. liga SE-SI 2017/2018"]
[Site "?"]
[Date "2018.03.03"]
[Round "8.2"]
[White "Hyza, Richard"]
[Black "Visvader, Rudolf"]
[Result "0-1"]
[WhiteElo "1374"]
[BlackElo "1282"]
[PlyCount "110"]
[EventDate "2017.??.??"]
[WhiteTeam "Å K Nafta Gbely D"]
[BlackTeam "Interchess ZÅ  BorskÃ½ MikulÃ¡Å¡"]

1. e4 d5 2. exd5 Qxd5 3. Nc3 Qa5 4. Bc4 Bf5 5. d3 e6 6. Nf3 c6 7. Bf4 Bb4 8.
Bd2 Qc7 9. O-O Nf6 10. Nb1 Bd6 11. Bc3 Nbd7 12. Nbd2 Bg4 13. Qe1 O-O-O 14. Be5
h6 15. Bxd6 Qxd6 16. d4 Rhe8 17. Qe3 c5 18. c3 Kb8 19. Ne5 Nxe5 20. dxe5 Qxd2
21. Qxd2 Rxd2 22. exf6 gxf6 23. Rab1 Rg8 24. b4 cxb4 25. cxb4 Rd4 26. Bb5 Bh3
27. Rfd1 Rxd1+ 28. Rxd1 Bxg2 29. Be2 Bd5+ 30. Kf1 Bxa2 31. Rd7 Rc8 32. Rxf7 f5
33. Rh7 Bd5 34. f3 Rc1+ 35. Kf2 Rc2 36. Ke1 Bc4 37. Bxc4 Rxc4 38. Rxh6 Rxb4 39.
h4 a5 40. h5 a4 41. Rxe6 a3 42. Re2 Rb2 43. Re8+ Ka7 44. Rd8 a2 45. h6 a1=Q+
46. Rd1 Qxd1+ 47. Kxd1 Rh2 48. h7 Rxh7 49. Kd2 b5 50. f4 Rc7 51. Kd3 Kb6 52.
Kd4 Rc5 53. Kd3 b4 54. Ke3 b3 55. Kd4 b2 0-1

[Event "SR 5. liga SE-SI 2017/2018"]
[Site "?"]
[Date "2018.03.03"]
[Round "8.2"]
[White "Buraj, Patrik"]
[Black "Ralbovsky, Dominik"]
[Result "0-1"]
[WhiteElo "1000"]
[BlackElo "1112"]
[PlyCount "114"]
[EventDate "2017.??.??"]
[WhiteTeam "Interchess ZÅ  BorskÃ½ MikulÃ¡Å¡"]
[BlackTeam "Å K Nafta Gbely D"]

1. e4 d5 2. Nc3 dxe4 3. Nxe4 Bf5 4. Nc3 e6 5. Nf3 Nf6 6. Bb5+ c6 7. Ba4 Nbd7 8.
O-O h6 9. d4 Nb6 10. Bb3 Bb4 11. Ne5 O-O 12. a3 Ba5 13. Bf4 Nbd5 14. Nxd5 Nxd5
15. Bxd5 cxd5 16. Qf3 Rc8 17. Qg3 Qf6 18. Nd7 Qg6 19. Nxf8 Qxg3 20. Bxg3 Kxf8
21. c3 a6 22. Rac1 Bd8 23. Bf4 Be7 24. Rfe1 b5 25. Re3 Kg8 26. Rg3 Kh7 27. Be5
g5 28. f4 f6 29. fxg5 hxg5 30. Rh3+ Bxh3 31. gxh3 fxe5 32. dxe5 a5 33. Rf1 Rf8
34. Rxf8 Bxf8 35. Kf2 Kg6 36. Ke3 Bc5+ 37. Kd3 Kf5 38. a4 bxa4 39. c4 Kxe5 40.
Kc3 Ke4 41. cxd5 exd5 42. b3 axb3 43. Kxb3 Kd3 44. Ka4 Ke3 45. Kxa5 Bb4+ 46.
Kb5 d4 47. Kc6 d3 48. Kd5 d2 49. Ke5 d1=Q 50. Kf5 Bd6 51. Kxg5 Bxh2 52. h4 Qc1
53. Kg6 Qg1+ 54. Kh6 Be5 55. Kh5 Qg3 56. Kh6 Qg4 57. h5 Qg7# 0-1

[Event "SR 5. liga SE-SI 2017/2018"]
[Site "?"]
[Date "2018.03.03"]
[Round "8.3"]
[White "Stasek, Daniel"]
[Black "Bazovsky, Max"]
[Result "1-0"]
[WhiteElo "1613"]
[BlackElo "1314"]
[PlyCount "59"]
[EventDate "2017.??.??"]
[WhiteTeam "Å achovÃ½ klub HolÃ­Ä� C"]
[BlackTeam "CVÄŒ Senica D"]

1. e4 c5 2. Nf3 Nc6 3. d4 cxd4 4. Nxd4 Nf6 5. Nc3 g6 6. Be3 Bg7 7. Qd2 O-O 8.
Be2 Re8 9. O-O a6 10. a4 Qc7 11. f4 d6 12. f5 Bd7 13. fxg6 fxg6 14. h3 Nxd4 15.
Bxd4 Be6 16. Qe3 Rac8 17. Rac1 Bc4 18. Bxc4+ Qxc4 19. e5 Nd5 20. Qf2 Rf8 21.
Qd2 Nxc3 22. Rxf8+ Rxf8 23. Bxc3 dxe5 24. Qe3 Qxa4 25. Bxe5 Bxe5 26. Qxe5 Qd7
27. Re1 Kf7 28. Rf1+ Ke8 29. Qb8+ Qd8 30. Rxf8+ 1-0

[Event "SR 5. liga SE-SI 2017/2018"]
[Site "?"]
[Date "2018.03.03"]
[Round "8.3"]
[White "Kaufman, Robert"]
[Black "Sladek, Michal"]
[Result "1-0"]
[WhiteElo "1296"]
[BlackElo "1401"]
[PlyCount "57"]
[EventDate "2017.??.??"]
[WhiteTeam "CVÄŒ Senica D"]
[BlackTeam "Å achovÃ½ klub HolÃ­Ä� C"]

1. e4 e5 2. Nf3 Nc6 3. Bc4 Bc5 4. O-O d6 5. d3 h6 6. Be3 Bg4 7. c3 Qf6 8. Nbd2
Nge7 9. Nb3 Bxf3 10. Qxf3 Qxf3 11. gxf3 Bxe3 12. fxe3 O-O-O 13. Bxf7 Rhf8 14.
Be6+ Kb8 15. f4 g6 16. f5 Rf6 17. Kh1 gxf5 18. exf5 d5 19. Nc5 Ka8 20. Nd7 Rxf5
21. Rxf5 Nxf5 22. Bxf5 e4 23. d4 Ne7 24. Bh3 Rg8 25. Rg1 Rd8 26. Rg7 Re8 27.
Nf6 Rf8 28. Rxe7 Rxf6 29. Re8# 1-0

[Event "SR 5. liga SE-SI 2017/2018"]
[Site "?"]
[Date "2018.03.03"]
[Round "8.3"]
[White "Svrcek, Daniel"]
[Black "Mudroch, Martin"]
[Result "1/2-1/2"]
[WhiteElo "1293"]
[BlackElo "1344"]
[PlyCount "41"]
[EventDate "2017.??.??"]
[WhiteTeam "Å achovÃ½ klub HolÃ­Ä� C"]
[BlackTeam "CVÄŒ Senica D"]

1. e4 c6 2. Nc3 d5 3. exd5 cxd5 4. d4 Nc6 5. Bb5 Bf5 6. Nf3 e6 7. O-O Bd6 8.
Re1 Nge7 9. Ne2 Qc7 10. c3 f6 11. Ng3 h5 12. Nxf5 exf5 13. h3 g5 14. Nd2 h4 15.
Be2 O-O-O 16. Nf1 Rdg8 17. Ne3 g4 18. hxg4 f4 19. Nf1 h3 20. Bf3 f5 21. Bd2
1/2-1/2

[Event "SR 5. liga SE-SI 2017/2018"]
[Site "?"]
[Date "2018.03.03"]
[Round "8.3"]
[White "Kaufman, Roman"]
[Black "Datko, Jan"]
[Result "0-1"]
[WhiteElo "1000"]
[BlackElo "1197"]
[PlyCount "66"]
[EventDate "2017.??.??"]
[WhiteTeam "CVÄŒ Senica D"]
[BlackTeam "Å achovÃ½ klub HolÃ­Ä� C"]

1. e4 e5 2. Nf3 Nc6 3. Bc4 Bc5 4. c3 Nf6 5. d3 d5 6. exd5 Nxd5 7. O-O a6 8. d4
exd4 9. Re1+ Be7 10. cxd4 Bg4 11. Nc3 Bxf3 12. Qxf3 Nf6 13. d5 Nd4 14. Qe3 Nc2
15. Qe5 Nxe1 16. Bg5 Nd3 17. Bxd3 Qd6 18. Qd4 O-O 19. Re1 Rfe8 20. Ne4 Nxe4 21.
Bxe7 Rxe7 22. Bxe4 Rae8 23. Kf1 Qxh2 24. f3 f5 25. d6 Qxd6 26. Qd5+ Kf8 27.
Qxf5+ Qf6 28. Qxh7 g6 29. Qh6+ Qg7 30. Qf4+ Qf6 31. Qh6+ Kg8 32. Qe3 Rxe4 33.
Qd2 Rxe1+ 0-1

[Event "SR 5. liga SE-SI 2017/2018"]
[Site "?"]
[Date "2018.03.03"]
[Round "8.3"]
[White "Sefcik, Oliver"]
[Black "Kaufmanova, Karin"]
[Result "1-0"]
[WhiteElo "1110"]
[BlackElo "1092"]
[PlyCount "55"]
[EventDate "2017.??.??"]
[WhiteTeam "Å achovÃ½ klub HolÃ­Ä� C"]
[BlackTeam "CVÄŒ Senica D"]

1. e4 e5 2. Bc4 Nf6 3. d3 Bc5 4. Nc3 d6 5. f4 Nc6 6. Nf3 Bg4 7. Na4 Bb6 8. Nxb6
axb6 9. h3 Bd7 10. O-O Nd4 11. c3 Nxf3+ 12. Qxf3 O-O 13. d4 Re8 14. dxe5 dxe5
15. f5 c6 16. Bg5 b5 17. Bb3 Qb6+ 18. Kh1 c5 19. Rad1 Bc8 20. a3 Nd7 21. Qg3 c4
22. Bc2 Nb8 23. Rd5 Bd7 24. Rxe5 Rxe5 25. Qxe5 Ra6 26. Qxb8+ Bc8 27. Qxc8+ Qd8
28. Qxd8# 1-0

[Event "SR 5. liga SE-SI 2017/2018"]
[Site "?"]
[Date "2018.03.03"]
[Round "8.4"]
[White "Bartos, Bohumil"]
[Black "Diviak, Rudolf"]
[Result "0-1"]
[WhiteElo "1566"]
[BlackElo "1724"]
[PlyCount "90"]
[EventDate "2017.??.??"]
[WhiteTeam "Å K Skalica C"]
[BlackTeam "CVÄŒ Senica C"]

1. d4 d6 2. e4 g6 3. Be3 Bg7 4. Qd2 c6 5. Nf3 Nd7 6. Nc3 b5 7. a4 b4 8. Na2 a5
9. c3 Ngf6 10. Bd3 c5 11. dxc5 Nxc5 12. Bxc5 dxc5 13. O-O O-O 14. Rfd1 Bg4 15.
Qe3 Qc7 16. cxb4 cxb4 17. Rac1 Qa7 18. Qxa7 Rxa7 19. Bc4 Nxe4 20. Rc2 Nd6 21.
Bb3 Bf5 22. Re2 Bf6 23. Nd4 Bd7 24. Nc1 Bg4 25. f3 Bd7 26. Kh1 Rc8 27. Red2 Bg5
28. Rc2 Rxc2 29. Nxc2 Rc7 30. Ne2 Nf5 31. h3 Bf6 32. Ned4 Nd6 33. Kg1 Be8 34.
f4 Nc4 35. Bxc4 Rxc4 36. b3 Rc3 37. Rd2 Bxd4+ 38. Nxd4 Kg7 39. Kf2 f5 40. Rc2
Rxc2+ 41. Nxc2 Kf6 42. Ne3 Bf7 43. Ke2 e5 44. fxe5+ Kxe5 45. Kd3 Bxb3 0-1

[Event "SR 5. liga SE-SI 2017/2018"]
[Site "?"]
[Date "2018.03.03"]
[Round "8.4"]
[White "Hrdlicka, Martin"]
[Black "Harasta, Marian"]
[Result "1/2-1/2"]
[WhiteElo "1487"]
[BlackElo "1679"]
[PlyCount "95"]
[EventDate "2017.??.??"]
[WhiteTeam "CVÄŒ Senica C"]
[BlackTeam "Å K Skalica C"]

1. e4 c5 2. Nf3 Nc6 3. d4 cxd4 4. Nxd4 e5 5. Nf3 Nf6 6. Nc3 Bb4 7. Bd3 Bxc3+ 8.
bxc3 O-O 9. O-O Qb6 10. Be3 Qa5 11. c4 d6 12. Qb1 Qc7 13. Qb2 Bg4 14. Nd2 Bh5
15. f3 b6 16. Nb1 h6 17. Nc3 Na5 18. Nd5 Nxd5 19. cxd5 Nb7 20. Rfc1 Nc5 21. Qa3
g5 22. Kf2 Bg6 23. g4 Qd7 24. Bxc5 dxc5 25. Rh1 Rac8 26. c4 b5 27. Qc3 bxc4 28.
Qxc4 h5 29. h3 h4 30. Rhc1 f6 31. Rab1 Bf7 32. Qa6 Kg7 33. Rb7 Rc7 34. Bb5 Qc8
35. Rxa7 Qxa6 36. Rxa6 Rb8 37. a4 Be8 38. Bxe8 Rxe8 39. d6 Rd7 40. Rxc5 Kf7 41.
Ke3 Ke6 42. Rd5 Rb8 43. Rb5 Rc8 44. Kd2 Rc4 45. Rd5 Rb4 46. Kc2 Rc4+ 47. Kd2
Rb4 48. Kc2 1/2-1/2

[Event "SR 5. liga SE-SI 2017/2018"]
[Site "?"]
[Date "2018.03.03"]
[Round "8.4"]
[White "Davidik, Miroslav"]
[Black "Nater, Nikolas"]
[Result "1-0"]
[WhiteElo "1400"]
[BlackElo "1303"]
[PlyCount "79"]
[EventDate "2017.??.??"]
[WhiteTeam "Å K Skalica C"]
[BlackTeam "CVÄŒ Senica C"]

1. b4 e5 2. Bb2 Nf6 3. a3 d6 4. d3 g6 5. c4 Bg7 6. e4 O-O 7. Nf3 Nc6 8. Be2 Bg4
9. Nbd2 a6 10. h3 Bxf3 11. Nxf3 b5 12. Qc2 Qd7 13. Rc1 Rfe8 14. cxb5 Nd4 15.
Nxd4 exd4 16. bxa6 Rxa6 17. Qxc7 Qxc7 18. Rxc7 d5 19. f3 dxe4 20. dxe4 Nh5 21.
Bxa6 Rd8 22. Kd2 d3 23. Bxg7 Kxg7 24. Bxd3 Nf4 25. Rc3 Nxg2 26. Rh2 Nf4 27. Ke3
g5 28. h4 h6 29. hxg5 hxg5 30. Ra2 Re8 31. a4 Nd5+ 32. Kd2 Nxc3 33. Kxc3 Kf6
34. a5 Ke5 35. a6 Kf4 36. a7 Ra8 37. Be2 Ke5 38. Kc4 Kd6 39. Kb5 Kc7 40. Bc4
1-0

[Event "SR 5. liga SE-SI 2017/2018"]
[Site "?"]
[Date "2018.03.03"]
[Round "8.4"]
[White "Oslej, Marek"]
[Black "Londin, Lukas Vojtech"]
[Result "1-0"]
[WhiteElo "1225"]
[BlackElo "1325"]
[PlyCount "85"]
[EventDate "2017.??.??"]
[WhiteTeam "CVÄŒ Senica C"]
[BlackTeam "Å K Skalica C"]

1. e4 b6 2. d4 Bb7 3. Nc3 e6 4. Nf3 Nf6 5. Bd3 c5 6. Be3 c4 7. Bxc4 Nxe4 8.
Nxe4 Bxe4 9. Bd3 Bb7 10. O-O Be7 11. Ne5 Nc6 12. Ng4 O-O 13. Qf3 Qc8 14. Nh6+
Kh8 15. Nxf7+ Kg8 16. Qh5 g6 17. Nh6+ Kg7 18. Qh3 d6 19. Ng4 Rf7 20. Qh6+ Kg8
21. Qh3 Kg7 22. Bh6+ Kg8 23. Rfe1 e5 24. Bc4 Nxd4 25. Bxf7+ Kxf7 26. Rac1 Bf8
27. c3 Nb5 28. Bxf8 Kxf8 29. Qh6+ Kg8 30. Nf6+ Kf7 31. Nxh7 Qg4 32. f3 Bxf3 33.
Ng5+ Kf6 34. Nxf3 e4 35. Qh4+ Qxh4 36. Nxh4 g5 37. Rf1+ Kg7 38. Rf5 Nxc3 39.
Rxg5+ Kh6 40. Rg6+ Kh5 41. Rxc3 d5 42. Rh3 d4 43. Rg7 1-0

[Event "SR 5. liga SE-SI 2017/2018"]
[Site "?"]
[Date "2018.03.24"]
[Round "9.1"]
[White "Danihel, Jozef"]
[Black "Bazovsky, Max"]
[Result "1-0"]
[WhiteElo "1511"]
[BlackElo "1314"]
[PlyCount "65"]
[EventDate "2017.??.??"]
[WhiteTeam "Å K Skalica C"]
[BlackTeam "CVÄŒ Senica D"]

1. d4 g6 2. Nf3 Bg7 3. e4 c5 4. d5 a6 5. Be2 d6 6. O-O e6 7. c4 Nd7 8. Qc2 Ne5
9. Nbd2 Rb8 10. Nxe5 Bxe5 11. Nf3 Bg7 12. Rb1 b5 13. b3 b4 14. Bb2 e5 15. h3 f5
16. Bd3 f4 17. a3 a5 18. axb4 axb4 19. Ra1 Ne7 20. Nh2 O-O 21. Be2 g5 22. Bg4
Bxg4 23. Nxg4 h5 24. Nh2 Kh7 25. Qe2 Kg6 26. Nf3 Bf6 27. g3 Qd7 28. Kh2 g4 29.
Nh4+ Bxh4 30. gxh4 f3 31. Qe3 Rf4 32. Ra6 gxh3 33. Bxe5 1-0

[Event "SR 5. liga SE-SI 2017/2018"]
[Site "?"]
[Date "2018.03.24"]
[Round "9.1"]
[White "Kaufman, Robert"]
[Black "Harasta, Marian"]
[Result "1-0"]
[WhiteElo "1296"]
[BlackElo "1679"]
[PlyCount "119"]
[EventDate "2017.??.??"]
[WhiteTeam "CVÄŒ Senica D"]
[BlackTeam "Å K Skalica C"]

1. e4 c5 2. Nf3 Nc6 3. d4 cxd4 4. Nxd4 e5 5. Nf3 Bc5 6. Bc4 Qa5+ 7. Bd2 Qb6 8.
O-O Nf6 9. Bc3 d6 10. Qd3 Nd4 11. Nxd4 Bxd4 12. Bxd4 exd4 13. Qb3 Qxb3 14. Bxb3
O-O 15. Nd2 Re8 16. Rfe1 b5 17. f4 a5 18. a4 Bd7 19. e5 bxa4 20. Bxa4 Bxa4 21.
Rxa4 dxe5 22. fxe5 Ng4 23. Nf3 Ne3 24. Nxd4 Rxe5 25. Nc6 Re6 26. Rxa5 Rxa5 27.
Nxa5 Nxc2 28. Rxe6 fxe6 29. Kf2 Kf7 30. Kf3 Kf6 31. Nc6 g5 32. b4 Na3 33. Ke4
Nb5 34. Nd4 Nc3+ 35. Kd3 Nd5 36. b5 h5 37. Nc2 Ke5 38. Ne3 Nb6 39. Nc4+ Nxc4
40. Kxc4 Kd6 41. Kd4 g4 42. g3 e5+ 43. Ke4 Kc5 44. Kxe5 Kxb5 45. Kf5 Kc5 46.
Kg5 Kd5 47. Kxh5 Ke5 48. Kxg4 Kf6 49. h4 Kg6 50. h5+ Kh6 51. Kh4 Kh7 52. g4 Kh6
53. g5+ Kh7 54. Kg4 Kg7 55. Kf5 Kf7 56. h6 Kf8 57. g6 Kg8 58. Kf6 Kh8 59. g7+
Kg8 60. h7+ 1-0

[Event "SR 5. liga SE-SI 2017/2018"]
[Site "?"]
[Date "2018.03.24"]
[Round "9.1"]
[White "Spacek, Jan"]
[Black "Kaufman, Roman"]
[Result "1/2-1/2"]
[WhiteElo "1124"]
[BlackElo "1000"]
[PlyCount "70"]
[EventDate "2017.??.??"]
[WhiteTeam "Å K Skalica C"]
[BlackTeam "CVÄŒ Senica D"]

1. e4 e5 2. Nf3 Nc6 3. Bc4 Nf6 4. Ng5 d5 5. exd5 Nxd5 6. d3 Be7 7. Ne4 O-O 8.
Bd2 Re8 9. Nbc3 Nxc3 10. Bxc3 Bf5 11. Qf3 Bg6 12. O-O-O Nd4 13. Bxd4 exd4 14.
Kb1 c6 15. g3 a5 16. a3 b5 17. Ba2 b4 18. a4 Qd7 19. h4 Rf8 20. h5 Bxe4 21.
Qxe4 c5 22. Bb3 Ra6 23. g4 Kh8 24. Rhg1 Bg5 25. f4 Re8 26. Qf3 Re3 27. Qd5 Qxd5
28. Bxd5 Bxf4 29. Bxf7 Rb6 30. Rgf1 Rf6 31. Bc4 Rg3 32. Rde1 Be3 33. Rxf6 gxf6
34. Rf1 Kg7 35. Be6 Bg5 1/2-1/2

[Event "SR 5. liga SE-SI 2017/2018"]
[Site "?"]
[Date "2018.03.24"]
[Round "9.1"]
[White "Kaufmanova, Karin"]
[Black "Parizek, Ondrej"]
[Result "0-1"]
[WhiteElo "1092"]
[BlackElo "1000"]
[PlyCount "70"]
[EventDate "2017.??.??"]
[WhiteTeam "CVÄŒ Senica D"]
[BlackTeam "Å K Skalica C"]

1. e4 e5 2. Nf3 Nf6 3. Nc3 Nc6 4. Bc4 Nxe4 5. Nxe4 d5 6. Bxd5 Qxd5 7. Nc3 Qd8
8. O-O Bg4 9. Re1 Bd6 10. Re4 Qd7 11. d3 Qf5 12. Nd5 Qg6 13. Be3 Bh3 14. g3 Bg4
15. Qe2 Qf5 16. Kg2 b6 17. Bd2 O-O 18. Ne3 Nd4 19. Nxf5 Nxe2 20. Nxd6 Bxf3+ 21.
Kxf3 Nd4+ 22. Kg2 cxd6 23. Be3 Nf5 24. Bd2 Nd4 25. Rc1 Rac8 26. c3 Ne6 27. d4
exd4 28. cxd4 Rxc1 29. Bxc1 Rc8 30. Be3 Rc2 31. d5 Nc7 32. Bd4 Kf8 33. Bc3 Nxd5
34. Rd4 Nxc3 35. bxc3 Rxc3 0-1

[Event "SR 5. liga SE-SI 2017/2018"]
[Site "?"]
[Date "2018.03.24"]
[Round "9.2"]
[White "Visvader, Kristof"]
[Black "Holiencin, Filip"]
[Result "0-1"]
[WhiteElo "1278"]
[BlackElo "1726"]
[PlyCount "54"]
[EventDate "2017.??.??"]
[WhiteTeam "Interchess ZÅ  BorskÃ½ MikulÃ¡Å¡"]
[BlackTeam "Å achovÃ½ klub HolÃ­Ä� C"]

1. e4 c5 2. Nf3 d6 3. d4 cxd4 4. Nxd4 Nf6 5. Nc3 a6 6. Bg5 e6 7. g3 Be7 8. Bg2
O-O 9. O-O Qc7 10. Re1 Nbd7 11. Nf3 Rb8 12. Bxf6 Bxf6 13. Qd2 b5 14. Red1 Be7
15. Qd3 Bb7 16. Rd2 Nc5 17. Qe3 b4 18. Ne2 Nxe4 19. Rd3 Nc5 20. Rd2 Rfc8 21.
Rad1 Ne4 22. Rd3 d5 23. c3 bxc3 24. Nxc3 Bc5 25. Qe1 Nxf2 26. Kf1 Nxd3 27. Rxd3
Bb6 0-1

[Event "SR 5. liga SE-SI 2017/2018"]
[Site "?"]
[Date "2018.03.24"]
[Round "9.2"]
[White "Svrcek, Daniel"]
[Black "Nemeckay, Dominik"]
[Result "1/2-1/2"]
[WhiteElo "1293"]
[BlackElo "1471"]
[PlyCount "39"]
[EventDate "2017.??.??"]
[WhiteTeam "Å achovÃ½ klub HolÃ­Ä� C"]
[BlackTeam "Interchess ZÅ  BorskÃ½ MikulÃ¡Å¡"]

1. e4 e5 2. Nf3 Nc6 3. Bb5 a6 4. Ba4 Nf6 5. d3 d6 6. Bg5 b5 7. Bb3 Be6 8. c3
Bxb3 9. Qxb3 Be7 10. O-O Na5 11. Qc2 c5 12. Nbd2 O-O 13. Rfe1 Rc8 14. c4 Nc6
15. cxb5 axb5 16. Rac1 Qa5 17. a3 Rc7 18. Nb3 Qa6 19. Bd2 Nd7 20. Bc3 1/2-1/2

[Event "SR 5. liga SE-SI 2017/2018"]
[Site "?"]
[Date "2018.03.24"]
[Round "9.2"]
[White "Drinka, Robert"]
[Black "Horak, Viliam"]
[Result "1-0"]
[WhiteElo "1370"]
[BlackElo "1193"]
[PlyCount "37"]
[EventDate "2017.??.??"]
[WhiteTeam "Interchess ZÅ  BorskÃ½ MikulÃ¡Å¡"]
[BlackTeam "Å achovÃ½ klub HolÃ­Ä� C"]

1. e4 e5 2. Nf3 Nc6 3. Bc4 Nf6 4. d3 d6 5. O-O Bg4 6. Re1 Nd4 7. Nbd2 Be7 8. c3
Nc6 9. Nf1 O-O 10. h3 Bh5 11. Ng3 Bxf3 12. Qxf3 Re8 13. Nf5 Bf8 14. Bg5 h6 15.
Nxh6+ gxh6 16. Bxf6 Qd7 17. Qh5 Bg7 18. Qg6 Kf8 19. Qxg7# 1-0

[Event "SR 5. liga SE-SI 2017/2018"]
[Site "?"]
[Date "2018.03.24"]
[Round "9.2"]
[White "Datko, Jan"]
[Black "Visvader, Rudolf"]
[Result "1/2-1/2"]
[WhiteElo "1197"]
[BlackElo "1282"]
[PlyCount "151"]
[EventDate "2017.??.??"]
[WhiteTeam "Å achovÃ½ klub HolÃ­Ä� C"]
[BlackTeam "Interchess ZÅ  BorskÃ½ MikulÃ¡Å¡"]

1. e4 d5 2. exd5 Qxd5 3. Nc3 Qa5 4. d4 Nf6 5. Bd2 c6 6. Bd3 Bg4 7. Ne4 Bxd1 8.
Nxf6+ exf6 9. Bxa5 Bg4 10. Ne2 Nd7 11. O-O Bd6 12. Rfe1 O-O 13. Ng3 Bxg3 14.
hxg3 Be6 15. c4 g6 16. Bd2 Kg7 17. f3 Rh8 18. Kf2 h5 19. Rh1 f5 20. Bc3 f6 21.
f4 Rae8 22. b3 b6 23. a3 Kh6 24. b4 g5 25. Be2 Kg6 26. Rad1 Bf7 27. Bf3 Bxc4
28. Bxc6 Re2+ 29. Kg1 Nb8 30. Ba4 b5 31. Bxb5 Bxb5 32. Kh2 h4 33. Rhe1 Rxe1 34.
Rxe1 Rc8 35. Rc1 Kh5 36. Kh3 g4+ 37. Kh2 Nd7 38. gxh4 Nf8 39. d5 Ng6 40. g3 Nf8
41. d6 Nd7 42. Kg1 Rc4 43. Kf2 Re4 44. Re1 Nb6 45. Bxf6 Rxe1 46. Kxe1 Nc4 47.
Be5 Nxa3 48. Kd2 Nc4+ 49. Kc3 Ne3 50. Bd4 Nd5+ 51. Kb3 a6 52. Ka3 Bd7 53. Kb3
Be6 54. Ka3 Kg6 55. Ka4 Bd7+ 56. Ka5 Kf7 57. Bc5 Bc8 58. b5 axb5 59. Kxb5 Nc3+
60. Kc6 Ke6 61. h5 Bd7+ 62. Kb7 Ne4 63. h6 Kf7 64. Bd4 Kg8 65. Bg7 Nxd6+ 66.
Kc7 Ne4 67. Kxd7 Nxg3 68. Ke6 Ne2 69. Bf6 g3 70. Bh4 g2 71. Bf2 Nxf4+ 72. Kxf5
Nh3 73. Ba7 Kh7 74. Kg4 Kxh6 75. Kxh3 g1=Q 76. Bxg1 1/2-1/2

[Event "SR 5. liga SE-SI 2017/2018"]
[Site "?"]
[Date "2018.03.24"]
[Round "9.2"]
[White "Buraj, Patrik"]
[Black "Sefcik, Oliver"]
[Result "0-1"]
[WhiteElo "1000"]
[BlackElo "1110"]
[PlyCount "86"]
[EventDate "2017.??.??"]
[WhiteTeam "Interchess ZÅ  BorskÃ½ MikulÃ¡Å¡"]
[BlackTeam "Å achovÃ½ klub HolÃ­Ä� C"]

1. e4 d5 2. exd5 Qxd5 3. Nc3 Qa5 4. Nf3 c6 5. d4 Nf6 6. Bg5 Bf5 7. Bd3 Bg4 8.
h3 Bxf3 9. Qxf3 Qxg5 10. Ne4 Nxe4 11. Qxe4 e6 12. O-O g6 13. Rfe1 Bg7 14. c4
O-O 15. b4 Qd8 16. Rad1 Qxd4 17. Qxd4 Bxd4 18. Be4 Rd8 19. b5 e5 20. a4 f5 21.
Bc2 cxb5 22. axb5 Nd7 23. Bb3 Nc5 24. Ba2 Ne4 25. c5+ Kg7 26. Rf1 Nc3 27. Rd2
Nxa2 28. Rxa2 Bxc5 29. Rc2 Rac8 30. b6 Bxb6 31. Rxc8 Rxc8 32. Rd1 Bd4 33. Rb1
Rb8 34. Rc1 b5 35. g4 fxg4 36. hxg4 b4 37. g5 h6 38. Rc7+ Kg8 39. gxh6 b3 40.
Rg7+ Kh8 41. Rf7 b2 42. h7 b1=Q+ 43. Kg2 Qe4+ 0-1

[Event "SR 5. liga SE-SI 2017/2018"]
[Site "?"]
[Date "2018.03.24"]
[Round "9.3"]
[White "Wallner, Juraj"]
[Black "Papanek, Lubomir"]
[Result "0-1"]
[WhiteElo "1572"]
[BlackElo "1581"]
[PlyCount "96"]
[EventDate "2017.??.??"]
[WhiteTeam "Å K Å tefanov B"]
[BlackTeam "Å K Nafta Gbely D"]

1. e4 c5 2. Nf3 Nc6 3. d4 cxd4 4. Nxd4 e5 5. Nxc6 bxc6 6. Bc4 Nf6 7. Nc3 Bb4 8.
O-O O-O 9. Bg5 Be7 10. Qf3 Bb7 11. Rad1 Qc7 12. Rd3 d5 13. exd5 cxd5 14. Bxd5
Bxd5 15. Rxd5 e4 16. Qe2 Nxd5 17. Nxd5 Qe5 18. Nxe7+ Kh8 19. f4 Qc5+ 20. Qf2 e3
21. Qe2 f6 22. Ng6+ hxg6 23. Bh4 Rad8 24. Be1 Rfe8 25. Kh1 Qh5 26. Rf3 Qc5 27.
b4 Qe7 28. f5 gxf5 29. Rh3+ Kg8 30. Qh5 Rd4 31. Qxf5 Qe4 32. Qh5 Re5 33. Qe2
Rd2 34. Qf1 e2 35. Qf2 Rf5 36. Rf3 Rd1 37. Rxf5 Qxf5 38. Qxe2 Rc1 39. h3 Rxc2
40. Qe8+ Kh7 41. Kh2 Rxa2 42. Qc6 Re2 43. Bg3 Qe4 44. Qxe4+ Rxe4 45. Bd6 a6 46.
Kg3 Kg6 47. Kf3 Rc4 48. Bc5 a5 0-1

[Event "SR 5. liga SE-SI 2017/2018"]
[Site "?"]
[Date "2018.03.24"]
[Round "9.3"]
[White "Hyza, Richard"]
[Black "Tomasovic, Pavol"]
[Result "0-1"]
[WhiteElo "1374"]
[BlackElo "1284"]
[PlyCount "58"]
[EventDate "2017.??.??"]
[WhiteTeam "Å K Nafta Gbely D"]
[BlackTeam "Å K Å tefanov B"]

1. e4 d6 2. Nc3 Nf6 3. Nf3 g6 4. g3 Bg7 5. Bg2 O-O 6. O-O c6 7. d3 d5 8. exd5
cxd5 9. d4 Nc6 10. Be3 Ng4 11. h3 Nxe3 12. fxe3 e5 13. dxe5 Nxe5 14. Nxe5 Bxe5
15. Kh2 d4 16. exd4 Bxd4 17. Qd3 Bf5 18. Qd2 Rc8 19. Bxb7 Bxc3 20. Qxd8 Rcxd8
21. bxc3 Rd2+ 22. Bg2 Be4 23. Rg1 Rfd8 24. Kh1 Bxg2+ 25. Rxg2 Rxg2 26. Kxg2
Rd2+ 27. Kf1 Rxc2 28. Rb1 Rxc3 29. Rb2 Rxg3 0-1

[Event "SR 5. liga SE-SI 2017/2018"]
[Site "?"]
[Date "2018.03.24"]
[Round "9.3"]
[White "Novomeska, Karin"]
[Black "Ralbovsky, Dominik"]
[Result "1-0"]
[WhiteElo "1205"]
[BlackElo "1112"]
[PlyCount "109"]
[EventDate "2017.??.??"]
[WhiteTeam "Å K Å tefanov B"]
[BlackTeam "Å K Nafta Gbely D"]

1. d4 d5 2. c4 e6 3. Nc3 c6 4. Nf3 Bb4 5. e3 Nf6 6. cxd5 cxd5 7. Bb5+ Bd7 8.
Qa4 Qa5 9. Bd2 Bxb5 10. Qxb5+ Qxb5 11. Nxb5 Bd6 12. Nxd6+ Ke7 13. Nxb7 Nc6 14.
Nc5 Rab8 15. Ne5 Rhc8 16. a3 Rxb2 17. Nxc6+ Rxc6 18. Bb4 Ke8 19. O-O a5 20.
Bxa5 Rb5 21. Bb4 Ng8 22. Rab1 Rb8 23. Ba5 Ra8 24. Rb5 Rcc8 25. Rfb1 Ne7 26. a4
Nc6 27. Bd2 e5 28. Re1 Kd8 29. Bc3 e4 30. Rb7 Rc7 31. Rxc7 Kxc7 32. Rb1 Ra7 33.
g3 g5 34. Kg2 h5 35. f3 exf3+ 36. Kxf3 Ne7 37. a5 Kc8 38. Rb6 Kc7 39. Rf6 g4+
40. Kf4 Ng6+ 41. Kg5 Kd8 42. Kxh5 Re7 43. a6 Ke8 44. Nb7 Rc7 45. a7 Rc8 46.
Nd6+ Kd7 47. Nxc8 Nf8 48. Rxf7+ Ke6 49. a8=Q Kxf7 50. Qxd5+ Ke8 51. Kg5 Nh7+
52. Kf5 Nf8 53. Bb4 Ng6 54. Qe6+ Kd8 55. Ba5# 1-0

[Event "SR 5. liga SE-SI 2017/2018"]
[Site "?"]
[Date "2018.03.24"]
[Round "9.3"]
[White "Lanza, Matej"]
[Black "Novomesky, Roman"]
[Result "1-0"]
[WhiteElo "1228"]
[BlackElo "1009"]
[PlyCount "81"]
[EventDate "2017.??.??"]
[WhiteTeam "Å K Nafta Gbely D"]
[BlackTeam "Å K Å tefanov B"]

1. d4 d5 2. Nc3 Nf6 3. Nf3 e6 4. Bf4 c5 5. dxc5 Bxc5 6. e3 O-O 7. Nb5 Qa5+ 8.
c3 Bb6 9. b4 Qa3 10. Nxa3 Nc6 11. Bd3 Re8 12. O-O e5 13. Bg3 e4 14. b5 exf3 15.
bxc6 fxg2 16. Kxg2 bxc6 17. Kh1 Bd7 18. Qf3 Bg4 19. Qg2 Rad8 20. Rg1 Bc5 21.
Bh4 Be7 22. f3 h5 23. Bf5 g6 24. fxg4 Nxg4 25. Bxe7 Rxe7 26. Bxg4 hxg4 27. Qxg4
Rxe3 28. Qg5 Rde8 29. Rgf1 R8e7 30. Rf4 Kf8 31. Rh4 Ke8 32. Qf6 R7e6 33. Qh8+
Kd7 34. Qf8 Re8 35. Qxf7+ Kd6 36. Rh7 R8e7 37. Qf8 c5 38. Rf7 d4 39. Nb1 d3 40.
Rxe7 Kd5 41. Qd8+ 1-0

[Event "SR 5. liga SE-SI 2017/2018"]
[Site "?"]
[Date "2018.03.24"]
[Round "9.3"]
[White "Vozar, Adam"]
[Black "Vyrubal, Ondrej"]
[Result "1-0"]
[WhiteElo "1058"]
[BlackElo "1000"]
[PlyCount "51"]
[EventDate "2017.??.??"]
[WhiteTeam "Å K Å tefanov B"]
[BlackTeam "Å K Nafta Gbely D"]

1. e4 e5 2. Nf3 Nc6 3. Nc3 Nf6 4. Bb5 Bb4 5. O-O O-O 6. d3 d6 7. Bg5 Bg4 8. Nd5
h6 9. Bxf6 gxf6 10. Bxc6 bxc6 11. Nxb4 Kh7 12. h3 Bh5 13. g4 Bg6 14. Nh2 Rg8
15. h4 Qd7 16. h5 Bxh5 17. Kh1 Qc8 18. gxh5 Qh3 19. Rg1 Rg7 20. Rxg7+ Kxg7 21.
Qg4+ Qxg4 22. Nxg4 Rg8 23. Rg1 Rf8 24. Nxc6 Re8 25. Ne3+ Kh8 26. Na5 {
nehratelnÃ} 1-0